00760nam a22001817a 4500003000900000008004100009020001800050040007100068082002000139100003500159245008200194260002800276300002600304505018900330650002800519650001400547650001700561AR-CdUCM190227b ||||| |||| 00| 0 spa d a9786124544606 aMUNICIPALIDAD PROVINCIAL DEL CUSCOcBIBLIOTECA MUNICIPAL DEL CUSCO a001.4225 /bC14 aCáceres Huambo, B. Nicolás aAnálisis de datos y diseños experimentales aplicados en investigación / aCusco :bUnsaac;c2009. a349 paginas ;c20 cm. aLa estadística y el método científico -- Medidas de tendencia central -- Combinaciones lineales y modelos lineales -- Herramientas estadísticas -- Análisis de regresión ... aProblemas e hipótesis aVariables aEstadisticas